| 000 | 00874nam a22002057a 4500 | ||
|---|---|---|---|
| 999 |
_c630 _d630 |
||
| 003 | AR-CdUCM | ||
| 008 | 190225b ||||| |||| 00| 0 spa d | ||
| 040 |
_aMUNICIPALIDAD PROVINCIAL DEL CUSCO _cBIBLIOTECA MUNICIPAL DEL CUSCO |
||
| 082 |
_a927 / _bC83 |
||
| 100 |
_aCossio del Pomar, Felipe _92452 |
||
| 245 | _aEl hechizo de Gauguín / | ||
| 260 |
_aPiura : _bConsejo Provincial de Piura, _c1994. |
||
| 300 |
_a251 páginas ; _c20 cm. |
||
| 505 | _aPaul Gauguín ( o Pablo Gauguín como castellaniza Cossío) es retratado aquí en la plenitud de su desgarrada existencia y de su atormentada lucha diaria por encontrarse consigo mismo, teniendo como telón de fondo la deslumbrante época de los "ismos". | ||
| 650 |
_aPaul Gauin, 1848-1903 _92453 |
||
| 650 |
_aPintores Franceses _92454 |
||
| 650 |
_aBiografía _922 |
||
| 942 |
_2ddc _cLIBROS |
||
| 945 |
_alccs _d2017-02-25 |
||